LEADER 02126nlm0 22005771i 450 001 990009263600403321 010 $a9783642105203 035 $a000926360 035 $aFED01000926360 035 $a(Aleph)000926360FED01 035 $a000926360 100 $a20100926d2009----km-y0itay50------ba 101 0 $aeng 102 $aDE 135 $adrnn-008mamaa 200 1 $aAdvances in Visual Computing$bRisorsa elettronica$e5th International Symposium, ISVC 2009, Las Vegas, NV, USA, November 30-December 2, 2009. Proceedings, Part II$fedited by George Bebis, Richard Boyle, Bahram Parvin, Darko Koracin, Yoshinori Kuno, Junxian Wang, Renato Pajarola, Peter Lindstrom, André Hinkenjann, Miguel L. Encarnação, Cláudio T. Silva, Daniel Coming 210 $aBerlin ; Heidelberg$cSpringer$d2009 225 1 $aLecture Notes in Computer Science$x0302-9743$v5876 230 $aDocumento elettronico 336 $aTesto 337 $aFormato html, pdf 702 1$aBebis,$bGeorge 702 1$aBoyle,$bRichard 702 1$aComing,$bDaniel 702 1$aEncarnação,$bMiguel L. 702 1$aHinkenjann,$bAndré 702 1$aKoracin,$bDarko 702 1$aKuno,$bYoshinori 702 1$aLindstrom,$bPeter 702 1$aPajarola,$bRenato 702 1$aParvin,$bBahram 702 1$aSilva,$bCláudio T. 702 1$aWang,$bJunxian 801 0$aIT$bUNINA$gREICAT$2UNIMARC 856 4 $zFull text per gli utenti Federico II$uhttp://dx.doi.org/10.1007/978-3-642-10520-3 901 $aEB 912 $a990009263600403321 961 $aBioinformatics 961 $aComputational Biology/Bioinformatics 961 $aComputer graphics 961 $aComputer Graphics 961 $aComputer Imaging, Vision, Pattern Recognition and Graphics 961 $aComputer science 961 $aComputer Science 961 $aComputer vision 961 $aImage Processing and Computer Vision 961 $aOptical pattern recognition 961 $aPattern Recognition 961 $aUser Interfaces and Human Computer Interaction 996 $aAdvances in Visual Computing$9772261 997 $aUNINA LEADER 01806oam 2200469M 450 001 9910716304303321 005 20200213070856.6 035 $a(CKB)5470000002521097 035 $a(OCoLC)1065581403 035 $a(OCoLC)995470000002521097 035 $a(EXLCZ)995470000002521097 100 $a20071213d1927 ua 0 101 0 $aeng 135 $aurcn||||||||| 181 $ctxt$2rdacontent 182 $cc$2rdamedia 183 $acr$2rdacarrier 200 10$aAdditional district judge for District of Maryland. January 19, 1927. -- Committed to the Committee of the Whole House on the State of the Union and ordered to be printed 210 1$a[Washington, D.C.] :$c[U.S. Government Printing Office],$d1927. 215 $a1 online resource (2 pages) 225 1 $aHouse report / 69th Congress, 2nd session. House ;$vno. 1814 225 1 $a[United States congressional serial set] ;$v[serial no. 8688] 300 $aBatch processed record: Metadata reviewed, not verified. Some fields updated by batch processes. 300 $aFDLP item number not assigned. 606 $aCourt congestion and delay 606 $aDistrict courts 606 $aJudicial districts 606 $aJudges 608 $aLegislative materials.$2lcgft 615 0$aCourt congestion and delay. 615 0$aDistrict courts. 615 0$aJudicial districts. 615 0$aJudges. 701 $aGraham$b George Scott$f1850-1931$pRepublican (PA)$01386798 801 0$bWYU 801 1$bWYU 801 2$bOCLCO 801 2$bOCLCQ 906 $aBOOK 912 $a9910716304303321 996 $aAdditional district judge for District of Maryland. January 19, 1927. -- Committed to the Committee of the Whole House on the State of the Union and ordered to be printed$93524109 997 $aUNINA LEADER 04042nam 22006975 450 001 9910522563903321 005 20251113174609.0 010 $a981-16-2986-2 024 7 $a10.1007/978-981-16-2986-0 035 $a(MiAaPQ)EBC6882531 035 $a(Au-PeEL)EBL6882531 035 $a(CKB)21069306000041 035 $a(PPN)260830232 035 $a(OCoLC)1298389093 035 $a(DE-He213)978-981-16-2986-0 035 $a(EXLCZ)9921069306000041 100 $a20220203d2021 u| 0 101 0 $aeng 135 $aurcnu|||||||| 181 $ctxt$2rdacontent 182 $cc$2rdamedia 183 $acr$2rdacarrier 200 14$aThe Boletes of China: Tylopilus s.l. /$fby Yan-Chun Li, Zhu L. Yang 205 $a1st ed. 2021. 210 1$aSingapore :$cSpringer Nature Singapore :$cImprint: Springer,$d2021. 215 $a1 online resource (418 pages) 225 1 $aBiomedical and Life Sciences Series 311 08$aPrint version: Li, Yan-Chun The Boletes of China: Tylopilus S. l Singapore : Springer Singapore Pte. Limited,c2022 9789811629853 327 $aChapter 1. Introduction - The Boletes of China -- Chapter 2. Materials and Methods -- Chapter 3. Morphology and structures in Tylopilus s.l -- Chapter 4. Phylogenetic results and systematic treatments of Tylopilus s.l -- Chapter 5. Taxonomic Part -- Chapter 6. Abtylopilus -- Chapter 7. Anthracoporus -- Chapter 8. Austroboletus -- Chapter 9. Chiua -- Chapter 10. Fistulinella -- Chapter 11. Harrya -- Chapter 12. Hymenoboletus -- Chapter 13.Indoporus -- Chapter 14. Leccinum -- Chapter 15. Mucilopilus -- Chapter 16. Porphyrellus -- Chapter 17. Pseudoaustroboletus -- Chapter 18. Retiboletus -- Chapter 19. Royoungia -- Chapter 20. Sutorius -- Chapter 21. Tylocinum -- Chapter 22. Tylopilus -- Chapter 23. Veloporphyrellus -- Chapter 24. Zangia -- Chapter 25. Summary and Conclusion. . 330 $aThis book introduces the Chinese boletes, including the history, ecological and economic values, as well as the geographical distribution patterns with a highlight on the Tylopilus species. Species in Tylopilus s.l. are not only of important ecological values but also of scientific interests. They are very diverse in morphology, complex in structure and wide in ecological niches. China is one of the diverse hotspots of boletes, and many boletes were traditionally treated as members of Tylopilus based on hymenophore or spore-print colour. The studies revealed that the traditionally defined Tylopilus is polyphyletic. This book aims to elucidate the phylogenetic relationships among the genera treated in Tylopilus s.l. previously; to delimit and recognize the taxa, and finally to reveal the diversity of the genera and species of Tylopilus s.l. in China. The book isintended to be a reference for biologists who conduct investigations of biological resources and biodiversity; university and college teachers and students carrying out studies in related fields; mycologists and amateur mycologists, or people who interested in mushrooms taxonomy and systematics; and workers in the development of non-timber forest products. . 410 0$aBiomedical and Life Sciences Series 606 $aFungi 606 $aMycology 606 $aMicrobiology 606 $aPlants$xEvolution 606 $aFood$xMicrobiology 606 $aBiodiversity 606 $aFungi 606 $aPlant Evolution 606 $aFood Microbiology 606 $aBiodiversity 615 0$aFungi. 615 0$aMycology. 615 0$aMicrobiology. 615 0$aPlants$xEvolution. 615 0$aFood$xMicrobiology. 615 0$aBiodiversity. 615 14$aFungi. 615 24$aPlant Evolution. 615 24$aFood Microbiology. 615 24$aBiodiversity. 676 $a333.740684 700 $aLi$b Yan-Chun$01081892 702 $aYang$b Zhu L. 801 0$bMiAaPQ 801 1$bMiAaPQ 801 2$bMiAaPQ 906 $aBOOK 912 $a9910522563903321 996 $aThe Boletes of China: Tylopilus s.l$94463648 997 $aUNINA